000 00831nab a22001937a 4500
999 _c5802
_d5802
003 OSt
005 20260106210552.0
008 190514b xxu||||| |||| 00| 0 spa d
040 _cPJ
100 _96710
_aFalótico, Yael
245 1 3 _aEl trasplante de útero :
_bel derecho a gestar /
_cYael Falótico.
300 _ap. 139-145
505 _aSumario: I. Introducción.— II. Algunas aproximaciones al procedimiento médico.— III. ¿Ampliamos?— IV. ¿Es acorde a nuestro derecho?— V. Conclusión.
505 _tSi te interesa el texto, comunicate a koha@justierradelfuego.gov.ar
650 0 _9967
_aDERECHO DE FAMILIA
650 0 _94292
_aTÉCNICAS DE REPRODUCCIÓN HUMANA ASISTIDA
773 0 _02844
_93222
_dBuenos Aires : AbeledoPerrot, 1989-
_tDerecho de familia. N° 116 - Septiembre 2024
_z18511201
942 _2udc
_cANA